movies with colors in the title - Statistics

General Stats
  • This quiz has been taken 98 times
  • The average score is 10 of 15
Answer Stats
title starring year color % Correct
_____ Swan Natalie Portman 2010 Black
98%
The Hunt for ___ October Sean Connery 1990 Red
97%
Snow _____ and the Seven Dwarves Adriana Caselotti 1937 White
95%
Pretty in ____ Molly Ringwald 1986 Pink
92%
______ Rain Prince 1984 Purple
92%
A Clockwork ______ Malcolm McDowell 1971 Orange
91%
____finger Sean Connery 1964 Gold
84%
______ Linings Playbook Jennifer Lawrence 2012 Silver
76%
Anchorman: The Legend of Ron ________ Will Ferrell 2004 Burgundy
67%
Soylent _____ Charlton Heston 1973 Green
59%
Der _____ Engel (Engl: The ____ Angel) Marlene Dietrich 1930 Blaue Blue
48%
_____ Heat James Cagney 1949 White
37%
The ____ Liam Neeson 2011 Grey
29%
_______ Peak Mia Wasikowska 2015 Crimson
28%
The Magnificent _____sons Joseph Cotton 1942 Amber
15%
No matching quizzes found
Score Distribution
Percent of People with Each Score
Percentile by Number Answered
Your Score History
You have not taken this quiz